01539nam a22002177a 450000500170000000800410001702000150005804100080007308200180008110000190009924501300011826000570024830000300030550000350033550400650037050508080043565000140124365000230125765000240128070000170130420140311162637.0140311b1999 ne |||||r|||| 00| 0 spa d a079235754X aeng a599.883bR57o1 aRijksen, H. D.10aOur vanishing relative : bthe status of wild orang-utans at the close of the twentieth century /cH.D. Rijksen, E. Meijaard. aDordrechtaBostonbKluwer Academic Publisherscc1999 a480 pbil., mapasc25 cm. aUna publicación de Tropenbos aIncluye referencias bibliográficas (p. 443-477) e índice aAcknowledgements. Summary. Section I: The orang-utan. Introduction. A history of the orang-utan's distribution. Ecology and natural history. A history of hunting and poaching. History of orang-utan conservation. Rehabilitation of orang-utans. Section II: Orang-utan distribution. Survey methods. The present distribution. Evaluation of survey data. Section III: The decline. Summary of survey results. Discussion. Section IV: The future of the wild orang-utan. Prospects of survival. The orang-utan survival programme. Section V: Appendices and references. Appendix I: Vernacular names. Appendix II: What's in a name? Appendix III: IUCN criteria. Appendix IV: Estimates of orang-utan numbers per fragment (Table XXVII). Appendix V: Research at Ketambe (Aceh, Sumatra) (Table XXVIII). References. Index.  0aOrangutan 0aEndangered species 0aEspecies en peligro1 aMeijaard, E.